000 00703nam a2200229Ia 4500
003 OSt
005 20220923224125.0
006 a|||||r|||| 00| 0
007 ta
008 Pun
024 _a225,986
037 _cTextual
040 _aARTS
_cARTS
_bPun
041 _2Pun
_aPun
082 _aO168,1H80:g, 153P52
100 _aਸੁਹਿੰਦਰ ਬੀਰ
245 0 _aਬੁਲ੍ਹੇ Fਾਹ ਦਾ ਸੂਖ਼ੀ ਅਨੁਭਵ
260 _aਅੰਮ੍ਰਿਤਸਰ
_b ਵਾਰਿਸ Fਾਹ ਖ਼ਾਉਜ਼ਡੇFਨ
_c2005
300 _a112ਪੰ
_ccm.
942 _hO168,1H80:g, 153P52
_cTEXL
_2CC
999 _c369391
_d369391